| 000 -LEADER |
| fixed length control field |
00845pam a2200217 a 4500 |
| 020 ## - INTERNATIONAL STANDARD BOOK NUMBER |
| ISBN |
0933595549 |
| 040 ## - CATALOGING SOURCE |
| Transcribing agency |
DLC |
| 082 00 - DEWEY DECIMAL CLASSIFICATION NUMBER |
| Classification number |
634 WIN 1991 C152 Or. |
| 100 1# - MAIN ENTRY--AUTHOR NAME |
| Personal name |
MacDicken, Kenneth G. |
| 245 10 - TITLE STATEMENT |
| Title |
Standard research methods for multipurpose trees and shrubs / |
| 260 ## - PUBLICATION, DISTRIBUTION, ETC. (IMPRINT) |
| Place of publication |
Arlington, VA, USA : |
| Name of publisher |
Winrock International, |
| Year of publication |
c1991. |
| 300 ## - PHYSICAL DESCRIPTION |
| Number of Pages |
92 p. : |
| Other physical details |
ill. ; |
| Dimensions |
27 cm. |
| 500 ## - GENERAL NOTE |
| General note |
A research study co-sponsored by the International Council for Research in Agroforestry (ICRAF) and the Winrock International Institute for Agricultural Development. |
| 650 #0 - SUBJECT ADDED ENTRY--TOPICAL TERM |
| Topical Term |
Multipurpose trees |
| 650 #0 - SUBJECT ADDED ENTRY--TOPICAL TERM |
| Topical Term |
Multipurpose shrubs |
| 700 1# - ADDED ENTRY--PERSONAL NAME |
| Personal name |
Wolf, G. V. |
| 700 1# - ADDED ENTRY--PERSONAL NAME |
| Personal name |
Briscoe, C. B. |
| 710 2# - ADDED ENTRY--CORPORATE NAME |
| Corporate name or jurisdiction name as entry element |
International Council for Research in Agroforestry. |
| 710 2# - ADDED ENTRY--CORPORATE NAME |
| Corporate name or jurisdiction name as entry element |
Winrock International Institute for Agricultural Development. |
| 942 ## - ADDED ENTRY ELEMENTS (KOHA) |
| Koha item type |
ADB |
| 952 ## - LOCATION AND ITEM INFORMATION (KOHA) |
| Withdrawn status [LOCAL, KOHA] |
0 |